Normal view
MARC view
- Information Security-Defence Against PUE Attack in CRN
Entry Topical Term
001 - CONTROL NUMBER
- control field: 35268
003 - CONTROL NUMBER IDENTIFIER
- control field: NUST
005 - DATE AND TIME OF LATEST TRANSACTION
- control field: 20201113120934.0
008 - FIXED-LENGTH DATA ELEMENTS
- fixed length control field: 201113|| aca||aabn | a|a d
040 ## - CATALOGING SOURCE
- Original cataloging agency: NUST
- Transcribing agency: NUST
150 ## - HEADING--TOPICAL TERM
- Topical term or geographic name entry element: Information Security-Defence Against PUE Attack in CRN
670 ## - SOURCE DATA FOUND
- Source citation: Work cat.: (NUST): Khaliq, Saim Bin Abdul 35267, Defence Against PUE Attock in CRN: A Game Theoretic Approach /, 2017
